000 00311nam a22001337a 4500
008 180919b xxu||||| |||| 00| 0 eng d
020 _a9780787943066
041 _aeng
080 _a159.9
100 _a49
101 _aPSI
245 _aEthics Psychotherapy And Counseling
_cPope.K.S
942 _2udc
_cBK
999 _c48027
_d48027